The saga of muziris/ (Record no. 139483)

MARC details
000 -LEADER
fixed length control field 00504nam a22001697a 4500
005 - DATE AND TIME OF LATEST TRANSACTION
control field 20170503171643.0
010 ## - LCCN (DPL NO)
LC control number ENG-118035
020 ## - INTERNATIONAL STANDARD BOOK NUMBER
International Standard Book Number 9789385285578
Terms of availability 495.00
035 ## - SYSTEM CONTROL NUMBER
System control number EN-101567
037 ## - SOURCE OF ACQUISITION
Source of stock number/acquisition DBAD/PUB
082 ## - DEWEY DECIMAL CLASSIFICATION NUMBER
Classification number N
100 ## - MAIN ENTRY--PERSONAL NAME
Personal name Sethumadhavan, A.
245 ## - TITLE STATEMENT
Title The saga of muziris/
Statement of responsibility, etc By A. Sethumadhavan (Sethu); translated from the Malayalam original Marupiravi by Prema Jayakumar
260 ## - PUBLICATION, DISTRIBUTION, ETC. (IMPRINT)
Place of publication, distribution, etc New Delhi
Name of publisher, distributor, etc Niyogi Books
Date of publication, distribution, etc 2017
300 ## - PHYSICAL DESCRIPTION
Extent 430p.
Dimensions 23cm.(Hb)
942 ## - ADDED ENTRY ELEMENTS (KOHA)
Source of classification or shelving scheme Dewey Decimal Classification
Item type English Books
Classification part N
Call number suffix SET
Holdings
Withdrawn status Lost status Not for loan Collection code Home library Current library Date acquired Source of acquisition Cost, normal purchase price Full call number Barcode Copy number Cost, replacement price Koha item type
    Not For Loan Fiction D.B.Act.Division Bawana 03/05/2017 DBAD/PUB 495.00 N SET EN-101567 1 495.00 English Books

© Delhi Public Library
Hit Counter
free hit counter